000 00496nam a2200169Ia 4500
003 GCL
008 140319s9999 xx 000 0 ara d
040 _aGCL /
_cGCL
082 0 4 _a156.3
_bت ع
100 1 _aتوما جورج خورى
245 1 0 _aعلم النفس التربوى /
_cتوما جورج خورى
260 _a[S.N] :
_bالمؤسسة الحديثة للكتاب ،
_c1986
300 _a247 ص
490 _a
650 0 4 _aعلم النفس التربوى
942 _2ddc
_cBK
999 _c58554
_d58554